000 00245nam a2200109Ia 4500
008 190912s9999||||xx |||||||||||||| ||und||
100 _aEcked,Druce
245 0 _aThinking in C++
260 _aIndia
_bEducation
_c2000
300 _a814
942 _cBK
999 _c7698
_d7698